INFORME FINAL DEL EJERCICIO PROFESIONAL SUPERVISADO, REALIZADO EN ALDEA CHOVAL Y DELEGACIÓN DEPARTAMENTAL DEL MINISTERIO DE AMBIENTE Y RECURSOS NATURALES, COBÁN ALTA VERAPAZ/ (Registro nro. 1895)
[ vista simple ]
| 000 -LEADER | |
|---|---|
| campo de control de longitud fija | 05138nam a22003377a 4500 |
| 001 - NÚMERO DE CONTROL | |
| campo de control | TIGAL 0083 |
| 003 - IDENTIFICADOR DE NÚMERO DE CONTROL | |
| campo de control | gtcocun |
| 005 - FECHA Y HORA DE LA ÚLTIMA TRANSACCIÓN | |
| campo de control | 20250917182408.0 |
| 006 - CÓDIGOS DE INFORMACIÓN DE LONGITUD FIJA--CARACTERÍSTICAS DEL MATERIAL ADICIONAL | |
| campo de control de longitud fija | a||||gr|||| 00| 0 |
| 007 - CAMPO FIJO DE DESCRIPCIÓN FÍSICA--INFORMACIÓN GENERAL | |
| campo de control de longitud fija | ta |
| 008 - DATOS DE LONGITUD FIJA--INFORMACIÓN GENERAL | |
| campo de control de longitud fija | 250917b2024 gt ||||| m||| 00| 0 eng d |
| 040 ## - FUENTE DE CATALOGACIÓN | |
| Centro catalogador/agencia de origen | gtcocun |
| Lengua de catalogación | SPA |
| Centro/agencia transcriptor | gtcocun |
| Normas de descripción | RDA |
| 041 ## - CÓDIGO DE IDIOMA | |
| Código de lengua del texto/banda sonora o título independiente | SPA TIGAL 0083 |
| 084 ## - OTRO NÚMERO DE CLASIFICACIÓN | |
| Número de control del registro de autoridad o número normalizado | TIGAL 0083 |
| 100 ## - ENTRADA PRINCIPAL--NOMBRE DE PERSONA | |
| Nombre de persona | Morales Chen, Keily Esther |
| Término indicativo de función/relación | Autor |
| 245 ## - MENCIÓN DEL TÍTULO | |
| Título | INFORME FINAL DEL EJERCICIO PROFESIONAL SUPERVISADO, REALIZADO EN ALDEA CHOVAL Y DELEGACIÓN DEPARTAMENTAL DEL MINISTERIO DE AMBIENTE Y RECURSOS NATURALES, COBÁN ALTA VERAPAZ/ |
| Mención de responsabilidad, etc. | Keily Esther Morales Chen. |
| Medio | Impreso |
| 264 ## - PRODUCCIÓN, PUBLICACIÓN, DISTRIBUCIÓN, FABRICACIÓN Y COPYRIGHT | |
| Producción, publicación, distribución, fabricación y copyright | Cobán, Alta Verapaz: |
| Nombre del de productor, editor, distribuidor, fabricante | Universidad de San Carlos de Guatemala, Centro Universitario del Norte, Carrera de Ingeniería en Gestión Ambiental Local |
| Fecha de producción, publicación, distribución, fabricación o copyright | 2024 |
| 300 ## - DESCRIPCIÓN FÍSICA | |
| Extensión | 114 p.: |
| Otras características físicas | Ilustraciones, gráficas. |
| Dimensiones | 28 cm; |
| 300 ## - DESCRIPCIÓN FÍSICA | |
| Dimensiones | |
| 336 ## - TIPO DE CONTENIDO | |
| Fuente | rdacontenido |
| Término de tipo de contenido | Texto |
| Código de tipo de contenido | txt |
| 337 ## - TIPO DE MEDIO | |
| Fuente | rdamedio |
| Nombre/término del tipo de medio | Computadora |
| Código del tipo de medio | n |
| 338 ## - TIPO DE SOPORTE | |
| Fuente | rdasoporte |
| Nombre/término del tipo de soporte | Código en línea |
| Código del tipo de soporte | cr |
| 502 ## - NOTA DE TESIS | |
| identificador de la tesis | TIGAL 0083 |
| 502 ## - NOTA DE TESIS | |
| Nota de tesis | Tesis de grado |
| Tipo de título | Carrera de Ingeniería en Gestión Ambiental Local, |
| Nombre de la institución que otorga el título | Universidad de San Carlos de Guatemala, Centro Universitario del Norte, Carrera de Ingeniería en Gestión Ambiental Local |
| Año de obtención del título | 2024 |
| Identificador de la tesis | TIGAL 0083 |
| 520 14 - RESUMEN, ETC. | |
| Sumario, etc. | El Ejercicio Profesional Supervisado se basa en la política de extensión de la<br/>Universidad de San Carlos de Guatemala, el objetivo es conocer la realidad de los centros<br/>poblados con el fin de proporcionar a la comunidad las herramientas y apoyo necesario<br/>para el desarrollo comunitario, esto también ayuda al estudiante a poner en práctica las<br/>habilidades, destrezas y conocimientos adquiridos durante el transcurso de la carrera.<br/><br/>Inicialmente se desarrolló un diagnóstico comunitario que fue base para jerarquizar<br/>los principales problemas ambientales del centro poblado, aldea Choval Cobán, Alta<br/>Verapaz, esta misma se encuentra ubicada a 11 kilómetros de distancia de la cabecera<br/>departamental y cuenta con diversos recursos naturales. En la comunidad el problema con<br/>los desechos sólidos es muy notorio, debido a la falta de recolección y manejo final de los<br/>mismos, los vecinos optan por quemar, enterrar o tirar la basura sin ningún sitio estratégico.<br/><br/>A partir de la problemática identificada en el diagnóstico, se realizó una<br/>planificación de trabajo en la aldea. Las acciones implementadas abordan temas<br/>relacionados con el ambiente, como educación ambiental, jornadas de recolección de<br/>residuos y desechos sólidos, y la elaboración de manuales sobre el acuerdo Gubernativo<br/>164-2021 y sus reformas, entre otros. El objetivo es responder a la problemática de la aldea<br/>en aspectos básicos del cuidado ambiental, hábitos de higiene personal, y conservación de<br/>los recursos naturales.<br/><br/>La investigación desarrollada en el río Cahabón, tiene el propósito de determinar<br/>los niveles de contaminación a lo largo de su recorrido por los municipios de Cobán y San<br/>Pedro Carchá del departamento de Alta Verapaz, antes de desembocar en las aguas del río<br/>Polochic del municipio de La Tinta.<br/><br/>El estudio tuvo como objetivo establecer puntos fijos para el monitoreo constante<br/>del agua, con el fin de contar con un registro que permitiera a los responsables de la toma<br/>de decisiones abordar el tema de manera integral. Para ello, la referencia fueron los<br/>parámetros y límites máximos permisibles establecidos en el reglamento de las descargas<br/>y reuso de aguas residuales y de la disposición de lodos, según el acuerdo Gubernativo<br/>236-2006. Los resultados de las muestras de agua revelaron que los parámetros de<br/>contaminantes químicos se encontraban por debajo de los límites máximos permisibles del<br/>reglamento.<br/><br/>La investigación demuestra que el río aún no está en una etapa de contaminación<br/>total y que todavía se pueden realizar esfuerzos para recuperar el cuerpo de agua. La<br/>inspección en cada punto de muestreo permitió observar cómo las personas que viven cerca<br/>del río utilizan el agua y sus diversas aplicaciones. A través de guías de observación y<br/>encuestas, se dio a conocer la opinión social y cómo las comunidades rurales y urbanas<br/>vierten sus aguas residuales y desechos sólidos en el río sin previo tratamiento.<br/><br/>Los resultados de las encuestas revelan que la población si considera que el agua<br/>del río está contaminada y por ello no la utilizan en sus actividades diarias, pero no tienen<br/>ningún problema en aceptar que esa misma agua sea utilizada para el riego de cultivos y<br/>consumo para los animales, lo cual demuestra la falta de conocimiento sobre la<br/>manipulación que se le da al agua. |
| 650 14 - PUNTO DE ACCESO ADICIONAL DE MATERIA--TÉRMINO DE MATERIA | |
| Fuente del encabezamiento o término | LEMB |
| Término de materia o nombre geográfico como elemento de entrada | Cobán, Alta Verapaz |
| Subdivisión general | Ingeniería en Gestión Ambiental Local |
| -- | Diagnóstico |
| -- | Problemas ambientales |
| -- | Recursos naturales |
| -- | Planificación |
| -- | Contaminación |
| 700 ## - ENTRADA AGREGADA--NOMBRE PERSONAL | |
| Nombre de persona | Ing. Agr. M.A. Marcos Rafael Flores Delgado |
| Término indicativo de función/relación | Asesor |
| 856 ## - LOCALIZACIÓN Y ACCESO ELECTRÓNICOS | |
| Identificador Uniforme de Recurso | <a href="https://drive.google.com/file/d/1P_NiM4U-RxnYcx9v1sQ_BVGfvcVB05px/view">https://drive.google.com/file/d/1P_NiM4U-RxnYcx9v1sQ_BVGfvcVB05px/view</a> |
| Texto de enlace | |
| Nota pública | Un ejemplar en línea. |
| 942 ## - ELEMENTOS DE ENTRADA SECUNDARIOS (KOHA) | |
| Fuente de la clasificación o esquema de estantería | Clasificación Decimal Dewey |
| Tipo de ítem Koha | TESIS |
| Parte de la signatura que identifica el ejemplar (Parte del ítem) | TIGAL 0083 |
| Prefijo de la signatura | Clasificación |
| Suprimir en OPAC | No |
| -- | TIGAL_0083_000000000000000 |
| Estatus retirado | Estado de pérdida | Fuente de la clasificación o esquema de estantería | Estado de daño | No para préstamo | Colección | Biblioteca de origen | Biblioteca actual | Ubicación en estantería | Fecha de adquisición | Número de inventario | Total de préstamos | Signatura topográfica completa | Código de barras | Visto por última vez | Precio de reemplazo | Tipo de ítem Koha |
|---|---|---|---|---|---|---|---|---|---|---|---|---|---|---|---|---|
| Clasificación Decimal Dewey | tesis | BIBLIOTECA- CUNOR -JOSÉ LUIS GONZALES ROSALES | BIBLIOTECA- CUNOR -JOSÉ LUIS GONZALES ROSALES | Colección tesis | 17/09/2025 | TIGAL 0083 | TIGAL 0083 | TIGAL 0083 | 17/09/2025 | 17/09/2025 | TESIS |